Vyhodnotenie prievarov duplexných ocelí vyhotovených technológiou zvárania elektrónovým lúčom pri rôznej fokusácii lúča

Na minha lista:
Detalhes bibliográficos
Autor principal: Rogel, Andrej, 1988- (Author)
Outros Autores: Kovaříková rod. Sukubová, Ingrid (Thesis advisor)
Formato: Manuscrito Livro
Idioma:eslovaco
Publicado em: 2015
Assuntos:
Acesso em linha:http://is.stuba.sk/zp/portal_zp.pl?podrobnosti=110245
Tags: Adicionar Tag
Sem tags, seja o primeiro a adicionar uma tag!

MARC

LEADER 00000ntm a22000003a 4500
001 stuzp50619
003 SK-STU
005 20160719153617.9
007 ta
008 150427s2015----xo-----f-mn---000-0-slo-d
040 |a STU  |b slo 
041 0 |a slo 
100 1 |a Rogel, Andrej,  |d 1988-  |u 063000  |4 aut  |U MTF Materiálovotechnologická fakulta  |T MTF Ústav výrobných technológií  |X 58666  |U M3000  |Y 83  |7 A000058666 
242 0 1 |a Evaluation of autogenous welded specimens of stainless duplex steel by electron beam welding at different beam focusing  |y eng 
245 1 0 |a Vyhodnotenie prievarov duplexných ocelí vyhotovených technológiou zvárania elektrónovým lúčom pri rôznej fokusácii lúča 
260 |c 2015 
650 4 |a mikrotvrdosť  |2 slo 
650 4 |a korózia  |2 slo 
650 4 |a makroštruktúra  |2 slo 
650 4 |a mikroštruktúra  |2 slo 
650 4 |a macrostructure  |2 eng 
650 4 |a microstructure  |2 eng 
650 4 |a micro hardness  |2 eng 
650 4 |a corrosion  |2 eng 
700 1 |a Kovaříková rod. Sukubová, Ingrid  |4 ths  |X 2770  |7 A000002770 
856 4 |u http://is.stuba.sk/zp/portal_zp.pl?podrobnosti=110245 
996 |c M* DP-12347  |l MMSKP  |s P  |a 0  |w stuzp50619_0001 
SQL |a stuzp50619  |b DDP  |c SLO  |d Vyhodnotenie prievarov duplexných ocelí vyhotovených technológiou zvárania elektrónovým lúčom pri rôznej fokusácii lúča  |e 58666  |f Rogel, Andrej  |g 063000  |h 2770  |i Kovaříková, Ingrid  |j 20150601  |k 669  |l 06  |m http://is.stuba.sk/zp/portal_zp.pl?podrobnosti=110245  |n I-ZVA  |o 5.2.51. výrobné technológie